| 000 | 00576nam a2200181Ia 4500 | ||
|---|---|---|---|
| 005 | 20250423100309.0 | ||
| 008 | 250422s9999 xx 000 0 und d | ||
| 020 | _a9781597842204 | ||
| 050 | _aBP 252 .N87 N38/ | ||
| 100 | _aNursi, Said | ||
| 245 | 0 | _aNature : cause or effect? | |
| 260 | _aNew Jersey | ||
| 260 | _bTughra Books | ||
| 260 | _c2009 | ||
| 300 | _a40 p | ||
| 650 | _aNursî, Said, 1873-1960 _ Philosophy Islam _ Essence, genius, nature Islam _ Appreciation Nursi, Said, 1873-1960 _ Felsefe İslam _ Öz, deha, doğa İslam _ Değerlendirme | ||
| 942 | _cBK | ||
| 999 |
_c32873 _d32873 |
||